| 000 | 00686nam a2200205Ia 4500 | ||
|---|---|---|---|
| 003 | GCL | ||
| 008 | 140319s9999 xx 000 0 ara d | ||
| 040 |
_aGCL / _cGCL |
||
| 082 | 0 | 4 |
_a621.38 _bح هـ |
| 100 | 1 | _aحسن الكمشوشى | |
| 245 | 1 | 0 |
_aهندسة الهوائيات وانتشار الموجات و الكمبيوتر 3 ج / _cحسن الكمشوشى |
| 260 |
_a[S.N] : _bدار الراتب الجامعية ، _c1988 |
||
| 300 | _aمتعدد الترقيم | ||
| 490 | _a | ||
| 650 | 0 | 4 | _aالحاسبات الالكترونية |
| 650 | 0 | 4 | _aالتكنولوجيا |
| 650 | 0 | 4 | _aالهندسة الكهربية |
| 650 | 0 | 4 | _aهوائيات |
| 942 |
_2ddc _cBK |
||
| 999 |
_c55169 _d55169 |
||